A text book of electrical technology V.1 : basic electrical engineering (Record no. 181805)

MARC details
000 -LEADER
fixed length control field 00484nam a2200157Ia 4500
008 - FIXED-LENGTH DATA ELEMENTS--GENERAL INFORMATION
fixed length control field 231217s9999 xx 000 0 und d
041 ## - LANGUAGE CODE
Language code of text/sound track or separate title English
082 ## - DEWEY DECIMAL CLASSIFICATION NUMBER
Classification number 621.31 THE.1;55 R
100 ## - MAIN ENTRY--PERSONAL NAME
Personal name Theraja, B L. Theraja, A K.
245 #2 - TITLE STATEMENT
Title A text book of electrical technology V.1 : basic electrical engineering
250 ## - EDITION STATEMENT
Edition statement 21st ed.
260 ## - PUBLICATION, DISTRIBUTION, ETC.
Date of publication, distribution, etc. 1990
Name of publisher, distributor, etc. Niraja Constructions & Development
Place of publication, distribution, etc. New Delhi
300 ## - PHYSICAL DESCRIPTION
Extent x, 592
650 ## - SUBJECT ADDED ENTRY--TOPICAL TERM
Topical term or geographic name entry element electrical,SI,Basic,electrical
942 ## - ADDED ENTRY ELEMENTS (KOHA)
Koha item type Books
Holdings
Date last seen Total checkouts Full call number Accession number Date due Date last checked out Price effective from Category Lost status Damaged status Department Withdrawn status Home library Current library Shelving location Entry date Vendor Grants Billdate Currency symbol Conversion rate Discount Old discount
11/06/2025 1 621.31 THE.1;55 R 51765 25/06/2025 11/06/2025 26/01/2024 Books     Central Library   Central Library Central Library Central Library 16/12/2008 Publisher DONATED 21/01/2012 RS 1    

© For any Suggestions or Query, please contact the library staff @ librarian@pes.edu or Phone: +9180 2672 1983/ 2108.